Chế độ kế toán doanh nghiệp vừa và nhỏ : (Ban hành theo Quyết định số 48/2006/QĐ-BTC ngày 14/09/2006 của Bộ trưởng Bộ Tài Chính)
Nội dung sách gồm quy định chung, danh mục hệ thống tài khoản kế toán, giải thích nội dung, kết cấu và phương pháp ghi chép tài khoản kế toán theo Quyết định số 48/2006/QĐ-BTC ngày 14/9/2006 của Bộ trưởng Bộ Tài chính....
Spremljeno u:
| Autor kompanije: | |
|---|---|
| Format: | Knjiga |
| Jezik: | Undetermined |
| Izdano: |
Hà Nội
Thống Kê
2014
|
| Teme: | |
| Oznake: |
Dodaj oznaku
Bez oznaka, Budi prvi tko označuje ovaj zapis!
|
| Thư viện lưu trữ: | Trung tâm Học liệu Trường Đại học Cần Thơ |
|---|
| LEADER | 01101nam a2200229Ia 4500 | ||
|---|---|---|---|
| 001 | CTU_202715 | ||
| 008 | 210402s9999 xx 000 0 und d | ||
| 020 | |c 174000 | ||
| 082 | |a 657.904 | ||
| 082 | |b B450 | ||
| 110 | |a Bộ Tài Chính | ||
| 245 | 0 | |a Chế độ kế toán doanh nghiệp vừa và nhỏ : | |
| 245 | 0 | |b (Ban hành theo Quyết định số 48/2006/QĐ-BTC ngày 14/09/2006 của Bộ trưởng Bộ Tài Chính) | |
| 245 | 0 | |c Bộ Tài Chính | |
| 260 | |a Hà Nội | ||
| 260 | |b Thống Kê | ||
| 260 | |c 2014 | ||
| 520 | |a Nội dung sách gồm quy định chung, danh mục hệ thống tài khoản kế toán, giải thích nội dung, kết cấu và phương pháp ghi chép tài khoản kế toán theo Quyết định số 48/2006/QĐ-BTC ngày 14/9/2006 của Bộ trưởng Bộ Tài chính. | ||
| 650 | |a Doanh nghiệp kinh doanh,Business enterprises | ||
| 650 | |x Kế toán,Accounting | ||
| 904 | |i Nguyên | ||
| 980 | |a Trung tâm Học liệu Trường Đại học Cần Thơ | ||